|
|
|
|
| LEADER |
00000cam a2200000 7i4500 |
| 001 |
0000002240 |
| 002 |
000002441 |
| 005 |
20000330.0 |
| 020 |
|
|
|a 0071125949
|
| 090 |
0 |
0 |
|a 658.4012
|b DES
|
| 100 |
1 |
|
|a Dess, Gregory G
|
| 245 |
1 |
0 |
|a Strategic management
|c Gregory G.Dess
|
| 260 |
|
|
|a New York :
|b McGraw-Hill ,
|c 1993
|
| 300 |
|
|
|a 924p. ;
|c 23cm.
|
| 490 |
0 |
|
|a Management and organization series
|
| 650 |
0 |
0 |
|a Strategic planning
|
| 650 |
0 |
0 |
|a Strategic planning
|x Case studies
|
| 700 |
1 |
|
|a Miller, Alex
|
| 999 |
|
|
|a 035603
|b BUKU
|c PINJAMAN
|e PERPUSTAKAAN KOMUNITI PETALING JAYA
|
| 999 |
|
|
|a 035604
|b BUKU
|c PINJAMAN
|e PERPUSTAKAAN KOMUNITI PETALING JAYA
|